| 000 | 00448cam a22001337a 4500 | ||
|---|---|---|---|
| 008 | 180718b1966 xxu||||| |||| 00| 0 eng d | ||
| 082 | _aT39x54 Ec74 | ||
| 245 |
_aPerspectives for India's trade with developing countries _cby Economic and Scientific Research Foundation |
||
| 260 |
_aNew Delhi _bESRF _c1966 |
||
| 300 | _a70p. | ||
| 440 | _aESRF Paper, 3 | ||
| 650 | _aForeign Commerce - India | ||
| 700 | _aEconomic and Scientific Research Foundation | ||
| 999 |
_c364763 _d364763 |
||